000
00217 a2200097 4500
001
14273
100
_a
Treble, H.A
245
_a
An ABC of english usage
260
_a
Oxford
_b
Clarendon press
_c
090
_c
11183
_d
11183
942
_a
NUST-CAE
_c
M
_c
1318
999
_c
249346
_d
249346